European Capitals Ending in Vowels - Statistics

General Stats
  • This quiz has been taken 1,119 times
  • The average score is 17 of 21
Answer Stats
City % Correct
Oslo
94%
Riga
90%
Helsinki
88%
Rome
88%
Andorra la Vella
86%
Sofia
86%
Vienna
86%
Prague
83%
Valletta
82%
Bratislava
81%
San Marino
80%
Monaco
79%
Tirana
78%
Pristina
77%
Ljubljana
76%
Sarajevo
76%
Podgorica
75%
Belgrade
74%
Skopje
72%
Chisinau
69%
Vatican city
52%
No matching quizzes found
Score Distribution
Percent of People with Each Score
Percentile by Number Answered
Your Score History
You have not taken this quiz